| 000 | 00415nam a2200145 i 4500 | ||
|---|---|---|---|
| 001 | 56622 | ||
| 003 | ES-MaACL | ||
| 005 | 20230906163419.0 | ||
| 007 | t| | ||
| 008 | 031010s1959 dk ||||1| spa d | ||
| 245 | 0 | 0 | _aDinamarca... |
| 260 |
_aCopenhague : _bMinisterio de Relaciones Exteriores, _c1959 ( _eBerlingske : _fBoktryckeriet) |
||
| 300 |
_a440 p. : _bmap. ; _c19 cm. |
||
| 852 |
_aES-MaACL _jC-16317 _bR.44501 |
||
| 999 |
_c56622 _d56622 |
||